000 00276nam a22001097a 4500
082 _a340
100 _aGarg,Sandeep
_983356
245 _aThe Code Of Civil Procedure,1908 (Act 5 of 1908)
260 _aDelhi
_bCommercial Law Publishers
_c2025
650 _aLAW
942 _cC. BOOKS
999 _c68231
_d68231